| 000 | 00860nam a22002417a 4500 | ||
|---|---|---|---|
| 005 | 20240530110626.0 | ||
| 008 | 170103s2013 ua ack a b 000 0 ara d | ||
| 017 |
_a2013/19028 _bمصر. دار الكتب |
||
| 020 | _a9789770932704 | ||
| 040 |
_aEG-CaGPL _cEG-CaGPL |
||
| 082 | 0 | 4 |
_221 _a411.1 _bط/م ح |
| 100 | 0 | _aمحيى الدين اللباد | |
| 245 | 1 | 0 |
_aحواديت الخطاطين / _cمحيى الدين اللباد |
| 250 | _aط. 1 | ||
| 260 |
_aالقاهرة : _bدار الشروق ، _c2013. |
||
| 300 |
_a71 ص. : _bايض ؛ _c30 سم. |
||
| 504 | _aيشتمل على ارجاعات ببليوجرافية | ||
| 650 | 0 | 7 |
_2qrmak _aالخط العربى _xتاريخ |
| 650 | 0 | 7 |
_2qrmak _aالنقوش العربية |
| 650 | 0 | 7 |
_2qrmak _aالكتابة _xعلم |
| 942 |
_2ddc _cBK |
||
| 999 |
_c63149 _d63149 |
||